000
00253nam a22001097a 4500
082
_a
070/ARY
100
_a
Arya,Amit
_9
83565
245
_a
Women,Democracy And The Media
260
_a
Delhi
_b
Authors Publishing House
_c
2022
650
_a
Media
942
_c
BK
999
_c
68506
_d
68506